000 00807nam a22001577a 4500
003 OSt
005 20151004100027.0
008 151004b xxu||||| |||| 00| 0 eng d
040 _cRUA
082 _aAVM NGO 2002 B073 Or.1
100 _91977
_aNGOUN, VANTHON.
245 _aEffect of corn bran on growth rate of hubbard chicken broiler at royal university of agriculture (ឥទ្ធិពលនៃការប្រើប្រាស់កន្ទក់ពោតទៅការលូតលាស់មាន់យកសាច់ពូជ HUBBARD នៅក្នុងស្ថានីយ៏ចិញ្ចឺមសត្វនៃសាកលវិទ្យាល័យភូមិន្ទកសិកម្ម)
260 _aPhnom Penh
_bRUA
_c2002
300 _avi, 51p.
_bill.
_c29cm.
942 _2ddc
_cAVM
999 _c1871
_d1871